000 00327nam a22001337a 4500
008 170922b xxu||||| |||| 00| 0 eng d
020 _a0716708590
041 _aeng
080 _a902
100 _a45
101 _aARK
245 _aOLD WORLD ARCHAEOLOGY FOUNDATIONS OF CIVILIZATION
_cKARLOVSKY.L
942 _2udc
_cBK
999 _c28911
_d28911